Fr. Conceicao Rodrigues College of Engineering

Data structures & Algorithms (Record no. 27596)

MARC details
000 -LEADER
fixed length control field 00308nam a2200133Ia 4500
100 ## - MAIN ENTRY--PERSONAL NAME
Personal name Aho/ A.V. & others
245 ## - TITLE STATEMENT
Title Data structures & Algorithms
260 ## - PUBLICATION, DISTRIBUTION, ETC.
Name of publisher, distributor, etc. Addison Wesly
Place of publication, distribution, etc. London
Date of publication, distribution, etc. 1982
300 ## - PHYSICAL DESCRIPTION
Extent 344
546 ## - LANGUAGE NOTE
Language note ENGLISH
654 ## - SUBJECT ADDED ENTRY--FACETED TOPICAL TERMS
Focus term Data structures & algorithms
942 ## - ADDED ENTRY ELEMENTS (KOHA)
Koha item type BOOK
Holdings
Withdrawn status Lost status Damaged status Not for loan Collection Home library Current library Shelving location Date acquired Cost, normal purchase price Total Checkouts Full call number Barcode Date last seen Cost, replacement price Price effective from Koha item type
        CRC Fr. Agnel's C.Rodrigues College of Engineering Fr. Agnel's C.Rodrigues College of Engineering   17/03/2023 499.23   6288 17/03/2023 499.23 17/03/2023 BOOK